|
|
|
|
| LEADER |
02500cam a2200493 i 4500 |
| 001 |
nkc20193132578 |
| 003 |
CZ PrNK |
| 005 |
20191023103347.0 |
| 007 |
ta |
| 008 |
190924s2019 xr a g 000 j cze d |
| 015 |
|
|
|a cnb003132578
|
| 020 |
|
|
|a 978-80-253-4336-4
|q (vázáno)
|
| 035 |
|
|
|a (OCoLC)1127258196
|
| 040 |
|
|
|a TUG001
|b cze
|d OLA001
|e rda
|
| 041 |
1 |
|
|a cze
|h eng
|
| 072 |
|
7 |
|a 821.111(73)-3
|x Americká próza
|2 Konspekt
|9 25
|
| 080 |
|
|
|a 821.111(73)-32
|2 MRF
|
| 080 |
|
|
|a (0:82-322.9)
|2 MRF
|
| 100 |
1 |
|
|a Paolini, Christopher,
|d 1983-
|7 xx0025816
|4 aut
|
| 240 |
1 |
0 |
|a Fork, the witch, and the worm.
|l Česky
|
| 245 |
1 |
0 |
|a Poutník, čarodějnice a červ :
|b příběhy z Alagaësie I. - Eragon /
|c Christopher Paolini s Angelou Paoliniovou píšící jako bylinkářka Angela ve spisu "O povaze hvězd" ; z anglického originálu The fork, the witch, and the worm ... přeložil Zdík Dušek
|
| 246 |
3 |
0 |
|a Příběhy z Alagaësie I. - Eragon
|
| 246 |
3 |
0 |
|a Eragon
|
| 250 |
|
|
|a 1. vydání
|
| 264 |
|
1 |
|a V Praze :
|b Fragment,
|c 2019
|
| 300 |
|
|
|a 222 stran :
|b ilustrace ;
|c 21 cm
|
| 336 |
|
|
|a text
|b txt
|2 rdacontent
|
| 337 |
|
|
|a bez média
|b n
|2 rdamedia
|
| 338 |
|
|
|a svazek
|b nc
|2 rdacarrier
|
| 520 |
2 |
|
|a Tři příběhy ze světa Alagaësie o Eragonovi, bylinkářce a vědmě Angele a o urgalské ženě Ilgře. Obsahuje dodatek o původu jmen a jazyce trpaslíků a urgalů.
|b Už je to rok, co Eragon opustil Alagaësii, aby vyhledal vhodný domov k založení nové generace Dračích jezdců. Teď se potýká s nekonečnou záplavou úkolů: výstavbou pevnosti, dohadováním s dodavateli, hlídáním dračích vajec, jednáním s bojovnými urgaly a povýšenými elfy. Vytržení z každodenní rutiny však nabídne vidění Eldunarí, nečekaná návštěva a také vzrušující urgalská pověst, jež mnohé změní. Nakladatelská anotace.
|
| 655 |
|
7 |
|a americké příběhy
|7 fd131795
|2 czenas
|
| 655 |
|
7 |
|a fantasy příběhy
|7 fd184198
|2 czenas
|
| 655 |
|
9 |
|a American stories
|2 eczenas
|
| 655 |
|
9 |
|a fantasy stories
|2 eczenas
|
| 700 |
1 |
|
|a Paolini, Angela
|7 xx0237736
|4 aut
|
| 700 |
1 |
|
|a Dušek, Zdík,
|d 1976-
|7 ola20040616001
|4 trl
|
| 787 |
0 |
8 |
|i Z cyklu:
|t Příběhy z Alagaësie
|g 1
|
| 787 |
0 |
8 |
|i Z cyklu:
|t Eragon
|
| 910 |
2 |
|
|a BOA001
|b 2-1436.207
|
| 920 |
|
|
|a 4498708
|z ABG001
|
| 928 |
9 |
|
|a Albatros Media - Fragment
|
| 990 |
|
|
|a BK
|
| 995 |
|
|
|a 01
|
| 996 |
6 |
|
|b 2610801354
|c 2-1436.207
|l MZK
|r Sklad / do 1 hodiny
|n 5
|p p.v.
|w 001762728
|u 000010
|a 1
|e BOA001
|j MZK50
|s P
|